UBT Library

Internal markets : (Record no. 1321)

000 -LEADER
fixed length control field 00734nam a22002057a 4500
008 - FIXED-LENGTH DATA ELEMENTS--GENERAL INFORMATION
fixed length control field 151020b xxu||||| |||| 00| 0 eng d
020 ## - INTERNATIONAL STANDARD BOOK NUMBER
International Standard Book Number 0471593648 (cloth : acidfree paper) :
041 0# - LANGUAGE CODE
Language code of text/sound track or separate title eng
080 ## - UNIVERSAL DECIMAL CLASSIFICATION NUMBER
Universal Decimal Classification number 658.4
100 1# - Rafti
Rafti Halal, William E.
245 10 - TITLE STATEMENT
Title Internal markets :
Statement of responsibility, etc William E. Halal, Ali Geranmayeh, John Pourdehnad ; foreword by Russell L. Ackoff.
260 ## -
-- New York :
-- Wiley,
-- 1993.
300 ## -
-- xviii, 301 f. :
-- me il.;
-- 24 cm.
650 #0 -
-- Ndryshimi në organizatë
650 #0 -
-- Riorganizimi në korporatë
650 #0 -
-- Efektiviteti në organizatë
700 1# -
-- Geranmayeh, Ali.
700 1# -
-- Pourdehnad, John.
942 ## - ADDED ENTRY ELEMENTS (KOHA)
Source of classification or shelving scheme
Item type Books
Holdings
Withdrawn status Lost status Source of classification or shelving scheme Damaged status Not for loan Collection code Permanent location Current location Shelving location Date acquired Total Checkouts Full call number Barcode Date last seen Price effective from Koha item type
          Koleksioni i përgjithshem UBT - Lipjan UBT - Lipjan Koleksioni i përgjithshem 10/20/2015   658.4 HAL 002-008427 10/20/2015 10/20/2015 Books
UBT Library © 2015-2024. All rights reserved University Education for Business and Technology